000 00804nam a2200253Ia 4500
003 OSt
005 20240923114425.0
006 a|||||r|||| 00| 0
007 ta
008 220927b |||||||| |||| 00| 0 eng d
020 _c9717.5499999999993
_a9789814241656
024 _a123798
037 _b274, 13/03/2014, Classic Book Service
_cTextual
040 _aSDCL
_cSDCL
_beng
041 _2eng
_aeng
082 _aG9X,113 Q4
100 _aSchiessel, Helmut
_9428458
245 0 _aBiophysics for beginners :
_b a journey through the cell nucleus /
260 _aSingapore :
_bPan Stanford Publishing,
_c2013.
300 _axi;407p.
_ccm.
650 _aI I C
942 _hG9X,113 Q4
_cTEXL
_2CC
999 _c745040
_d745040